Sevilla scorers in Liga 2016-2017 - Statistics

General Stats
  • This quiz has been taken 42 times
  • The average score is 7 of 15
Answer Stats
Player Goals % Correct
Wissam Ben Yedder 11
92%
Steven N'Zonzi 2
54%
Victor Vitolo 6
54%
Franco Vazquez 7
51%
Luciano Vietto 6
49%
Gabriel Mercado 3
46%
Nicolas Pareja 1
46%
Pablo Sarabia 8
46%
Stevan Jovetic 6
43%
Joaquin Correa 4
41%
Vicente Iborra 7
41%
Samir Nasri 2
38%
Ganso 2
22%
Hiroshi Kiyotake 1
22%
Carlos Fernandez 1
14%
No matching quizzes found
Score Distribution
Percent of People with Each Score
Percentile by Number Answered
Your Score History
You have not taken this quiz